000
002940000a22000970004500
100
1
_a
Lunt, Robert
245
1
0
_a
Reestructuración de los acontecimientos narrados en Ester 9.15-19
300
_a
Vol. 7, Num 2 (II Semestre, 1997), Páginas 22-24
773
0
_t
Traducción de la Biblia
942
_c
ANA
999
_c
52704
_d
52704